[Event "53rd Biel GMT Blitz 2020"]
[Site "Biel SUI"]
[Date "2020.07.25"]
[Round "1.1"]
[White "Harikrishna, Pentala"]
[Black "Studer, Noel"]
[Result "1/2-1/2"]
[WhiteTitle "GM"]
[BlackTitle "GM"]
[WhiteElo "2719"]
[BlackElo "2580"]
[WhiteFideId "5007003"]
[BlackFideId "1319620"]
[EventDate "2020.07.25"]

1. c4 e5 2. Nc3 Nf6 3. Nf3 Nc6 4. g3 d5 5. cxd5 Nxd5 6. Bg2 Bc5 7. O-O O-O 8. d3
h6 9. Qb3 Nf6 10. a3 Re8 11. Bd2 Bf8 12. Rfe1 Rb8 13. Rac1 Bg4 14. Be3 Nd4 15.
Bxd4 exd4 16. Na4 b6 17. Rc6 b5 18. Nc5 Rb6 19. Rxb6 axb6 20. Ne4 Nxe4 21. dxe4
Rxe4 22. Qxb5 c5 23. Qd3 Re6 24. Nd2 Qe8 25. Bf3 h5 26. b3 g6 27. Bxg4 hxg4 28.
a4 Bh6 29. Nc4 Qc6 30. Rd1 Kg7 31. Na3 Qd5 32. Nb5 Qe5 33. Re1 Rf6 34. Na3 Qd5
35. Nc4 Re6 36. e4 Qd8 37. Kg2 Bg5 38. Qe2 f5 39. e5 Qd5+ 40. Kg1 Bd8 41. Rd1
Bc7 42. Rb1 Bxe5 43. Re1 Kf6 44. Qd3 Bc7 45. Rxe6+ Qxe6 46. Kf1 Qe4 47. Nb2
Qxd3+ 48. Nxd3 1/2-1/2

[Event "53rd Biel GMT Blitz 2020"]
[Site "Biel SUI"]
[Date "2020.07.25"]
[Round "1.3"]
[White "Wojtaszek, Radoslaw"]
[Black "Anton Guijarro, David"]
[Result "1/2-1/2"]
[WhiteTitle "GM"]
[BlackTitle "GM"]
[WhiteElo "2719"]
[BlackElo "2703"]
[WhiteFideId "1118358"]
[BlackFideId "2285525"]
[EventDate "2020.07.25"]

1. d4 f5 2. Nf3 Nf6 3. c4 g6 4. e3 Bg7 5. b4 a5 6. b5 e6 7. Bb2 b6 8. Nc3 Bb7 9.
Be2 O-O 10. a4 d6 11. O-O Nbd7 12. Ng5 Qe7 13. Bf3 Bxf3 14. Nxf3 Rad8 15. Qb3
Kh8 16. Rad1 e5 17. dxe5 dxe5 18. Ba3 Nc5 19. Qc2 e4 20. Nd4 Qf7 21. Bxc5 bxc5
22. Nc6 Rxd1 23. Rxd1 Qxc4 24. Nxa5 Qe6 25. Ne2 Ng4 26. Nf4 Qf7 27. h3 Ne5 28.
Qxc5 g5 29. Nd5 Nd3 30. Qc6 f4 31. exf4 gxf4 32. Nc3 Nb4 33. Qc5 Nd3 34. Qc6 Nb4
35. Qc5 Nd3 36. Qc6 Nb4 1/2-1/2

[Event "53rd Biel GMT Blitz 2020"]
[Site "Biel SUI"]
[Date "2020.07.25"]
[Round "2.1"]
[White "Studer, Noel"]
[Black "Harikrishna, Pentala"]
[Result "0-1"]
[WhiteTitle "GM"]
[BlackTitle "GM"]
[WhiteElo "2580"]
[BlackElo "2719"]
[WhiteFideId "1319620"]
[BlackFideId "5007003"]
[EventDate "2020.07.25"]

1. d4 Nf6 2. c4 e6 3. Nf3 d5 4. g3 Be7 5. Bg2 O-O 6. O-O dxc4 7. Qc2 a6 8. a4
Bd7 9. Qxc4 Bc6 10. Bg5 Nbd7 11. Nc3 h6 12. Bxf6 Nxf6 13. b4 Bd5 14. Nxd5 exd5
15. Qb3 c6 16. Rfc1 Bd6 17. Ne1 Qb6 18. Nc2 h5 19. Rab1 h4 20. b5 axb5 21. axb5
hxg3 22. hxg3 c5 23. dxc5 Bxc5 24. e3 Rad8 25. Rd1 Ne4 26. Bxe4 dxe4 27. Qc4
Rfe8 28. Rxd8 Rxd8 29. Qxe4 Qf6 30. Nb4 Qe7 31. Qxe7 Bxe7 32. Nc2 Bf6 33. Kf1
Bc3 34. Na3 Bf6 35. Ke2 Rc8 36. Rb4 Be7 37. Rc4 Rd8 38. Nc2 b6 39. Nd4 Bc5 40.
Nb3 Be7 41. Rc6 Rb8 42. e4 g6 43. f4 Kf8 44. e5 Bd8 45. Nd2 Ra8 46. Kf3 Ra3+ 47.
Kg4 Ra4 48. Nc4 Rb4 49. Nd6 Ke7 50. Rc8 Kd7 51. Rb8 f5+ 52. exf6 Bxf6 53. Rxb6
Bd8 54. Ra6 g5 55. Nf5 gxf4 56. gxf4 Bc7 57. Ne3 Rxf4+ 58. Kg5 Rb4 59. Nd5 Rxb5
60. Kf5 Rxd5+ 61. Ke4 Rh5 62. Kd4 Bd6 63. Ke4 Ke6 64. Kd3 Rh4 65. Ra5 Be5 66.
Ra8 Kd5 67. Rd8+ Bd6 68. Ke3 Rh3+ 69. Kf2 Ke5 70. Rd7 Rd3 71. Ke2 Ra3 72. Rh7
Ke4 73. Rh8 Ra2+ 74. Kd1 Bf4 75. Rd8 Kf3 76. Rd7 Bg5 77. Rd6 Be3 78. Rd8 Ke4 79.
Ke1 Bb6 80. Kd1 Bxd8 0-1

[Event "53rd Biel GMT Blitz 2020"]
[Site "Biel SUI"]
[Date "2020.07.25"]
[Round "2.3"]
[White "Anton Guijarro, David"]
[Black "Wojtaszek, Radoslaw"]
[Result "1/2-1/2"]
[WhiteTitle "GM"]
[BlackTitle "GM"]
[WhiteElo "2703"]
[BlackElo "2719"]
[WhiteFideId "2285525"]
[BlackFideId "1118358"]
[EventDate "2020.07.25"]

1. Nf3 d5 2. b3 Bg4 3. Bb2 Nd7 4. e3 e6 5. h3 Bh5 6. d3 h6 7. Nbd2 Ngf6 8. e4
dxe4 9. dxe4 Bb4 10. a3 Bxf3 11. gxf3 Bd6 12. Qe2 Be5 13. O-O-O Bxb2+ 14. Kxb2
Qe7 15. f4 O-O-O 16. Bg2 Nc5 17. Nc4 Kb8 18. e5 Nd5 19. Bxd5 exd5 20. Ne3 Ne6
21. Nxd5 Rxd5 22. Rxd5 Nxf4 23. Qe4 Nxd5 24. Qxd5 Rd8 25. Qe4 g5 26. f4 gxf4 27.
Qxf4 a6 28. Rf1 Rd5 29. Qxf7 Qxe5+ 30. Kb1 Rd6 31. Qf8+ Ka7 32. Qf2+ Qd4 33.
Qxd4+ 1/2-1/2

[Event "53rd Biel GMT Blitz 2020"]
[Site "Biel SUI"]
[Date "2020.07.25"]
[Round "3.3"]
[White "Edouard, Romain"]
[Black "Wojtaszek, Radoslaw"]
[Result "0-1"]
[WhiteTitle "GM"]
[BlackTitle "GM"]
[WhiteElo "2649"]
[BlackElo "2719"]
[WhiteFideId "633429"]
[BlackFideId "1118358"]
[EventDate "2020.07.25"]

1. c4 Nf6 2. Nc3 e5 3. Nf3 Nc6 4. g3 Bb4 5. Nd5 Bc5 6. Bg2 d6 7. O-O O-O 8. d4
Nxd4 9. Bg5 Ne6 10. Bxf6 gxf6 11. b4 Bb6 12. Nh4 Ng7 13. Qc2 Bd4 14. Rad1 c6 15.
e3 cxd5 16. exd4 dxc4 17. Qxc4 Qe7 18. Rfe1 Bg4 19. f3 Be6 20. Qd3 Rac8 21. f4
Qc7 22. f5 Bc4 23. Qe3 Rfe8 24. Qh6 exd4 25. Qxf6 d3 26. Qh6 Qb6+ 27. Kh1 Rxe1+
28. Rxe1 Qf2 29. Rf1 d2 30. f6 Ne6 31. Qh5 Bxf1 32. Qg4+ Kf8 0-1

[Event "53rd Biel GMT Blitz 2020"]
[Site "Biel SUI"]
[Date "2020.07.25"]
[Round "4.1"]
[White "Naiditsch, Arkadij"]
[Black "Studer, Noel"]
[Result "1-0"]
[WhiteTitle "GM"]
[BlackTitle "GM"]
[WhiteElo "2626"]
[BlackElo "2580"]
[WhiteFideId "4650891"]
[BlackFideId "1319620"]
[EventDate "2020.07.25"]

1. a3 e5 2. c4 Nf6 3. Nc3 d5 4. cxd5 Nxd5 5. e4 Nxc3 6. bxc3 c5 7. Nf3 Bd6 8.
Bc4 O-O 9. O-O Nc6 10. Rb1 Rb8 11. h3 Na5 12. Bd5 c4 13. a4 Qe7 14. Qe2 Be6 15.
d4 cxd3 16. Qxd3 Bxd5 17. Qxd5 b6 18. Be3 Rfd8 19. Bg5 Qe6 20. Qxe6 fxe6 21.
Bxd8 Rxd8 22. Rfd1 Nc6 23. Ng5 Be7 24. Nxe6 Rc8 25. Rd7 Kf7 26. Nc7 Nb8 27. Rbd1
Nxd7 28. Rxd7 Kf8 29. Nd5 Bc5 30. g4 a5 31. Kg2 Rc6 32. h4 Ba3 33. Nc7 Bb2 34.
f4 Bxc3 35. f5 Bb4 36. Ne6+ Ke8 37. Rxg7 Rc2+ 38. Kf3 Rc3+ 39. Ke2 Rc4 40. f6
Rc2+ 41. Kd3 Rc3+ 42. Ke2 Rc2+ 43. Kd1 Rd2+ 44. Kc1 Rf2 45. g5 Ba3+ 46. Kd1 Bb4
47. Rxh7 b5 48. axb5 a4 49. b6 a3 50. Ra7 a2 51. h5 a1=Q+ 52. Rxa1 Rf1+ 53. Kc2
Rxa1 54. g6 Rh1 55. f7+ Kd7 56. g7 Kxe6 57. g8=Q 1-0

[Event "53rd Biel GMT Blitz 2020"]
[Site "Biel SUI"]
[Date "2020.07.25"]
[Round "4.3"]
[White "Wojtaszek, Radoslaw"]
[Black "Edouard, Romain"]
[Result "1-0"]
[WhiteTitle "GM"]
[BlackTitle "GM"]
[WhiteElo "2719"]
[BlackElo "2649"]
[WhiteFideId "1118358"]
[BlackFideId "633429"]
[EventDate "2020.07.25"]

1. d4 Nf6 2. c4 e6 3. Nf3 c5 4. d5 d6 5. Nc3 exd5 6. cxd5 g6 7. Nd2 Bg7 8. e4
O-O 9. Be2 Re8 10. O-O Na6 11. f3 Nd7 12. Kh1 Rb8 13. Nc4 Ne5 14. Ne3 f5 15. f4
Nf7 16. exf5 gxf5 17. Bd3 Qf6 18. Qh5 Qg6 19. Qh3 Nh6 20. Bd2 Bd7 21. Rae1 b5
22. Rf3 c4 23. Rg3 Qf6 24. Bb1 b4 25. Ncd1 Rbc8 26. Rf1 Rf8 27. a3 c3 28. bxc3
bxc3 29. Nxc3 Rxc3 30. Bxc3 Qxc3 31. Qxh6 Re8 32. Qxd6 1-0

[Event "53rd Biel GMT Blitz 2020"]
[Site "Biel SUI"]
[Date "2020.07.25"]
[Round "5.2"]
[White "Wojtaszek, Radoslaw"]
[Black "Harikrishna, Pentala"]
[Result "1-0"]
[WhiteTitle "GM"]
[BlackTitle "GM"]
[WhiteElo "2719"]
[BlackElo "2719"]
[WhiteFideId "1118358"]
[BlackFideId "5007003"]
[EventDate "2020.07.25"]

1. d4 Nf6 2. c4 e6 3. Nf3 d5 4. Nc3 Be7 5. Bf4 O-O 6. e3 b6 7. Be2 dxc4 8. Bxc4
Ba6 9. Qe2 Bxc4 10. Qxc4 c5 11. dxc5 bxc5 12. O-O Nbd7 13. Rfd1 Qb6 14. Rd2 Qb7
15. Rad1 Nb6 16. Qe2 h6 17. h3 Nfd5 18. Be5 Rfd8 19. e4 Nxc3 20. Bxc3 Rxd2 21.
Rxd2 Rd8 22. Rxd8+ Bxd8 23. Qb5 Be7 24. Qe8+ Bf8 25. Ne5 a6 26. a4 Qe7 27. Qc6
Qd8 28. Qb7 Be7 29. Nc6 Qd1+ 30. Kh2 Bg5 31. Qxb6 Bf4+ 32. g3 Bxg3+ 33. Kxg3
Qg1+ 34. Kf3 Qd1+ 35. Ke3 Qe1+ 36. Bxe1 1-0

[Event "53rd Biel GMT Blitz 2020"]
[Site "Biel SUI"]
[Date "2020.07.25"]
[Round "5.4"]
[White "Naiditsch, Arkadij"]
[Black "Anton Guijarro, David"]
[Result "0-1"]
[WhiteTitle "GM"]
[BlackTitle "GM"]
[WhiteElo "2626"]
[BlackElo "2703"]
[WhiteFideId "4650891"]
[BlackFideId "2285525"]
[EventDate "2020.07.25"]

1. e4 e5 2. Nf3 Nc6 3. Bb5 a6 4. Bxc6 dxc6 5. O-O Bg4 6. h3 h5 7. d3 Qf6 8. Nbd2
g5 9. b4 Be6 10. Bb2 Bd6 11. d4 Qg7 12. Nxe5 Bxe5 13. dxe5 Ne7 14. Nb3 Rd8 15.
Qe1 Bc4 16. Nc5 Bxf1 17. Qxf1 b6 18. Nxa6 Rc8 19. Rd1 g4 20. h4 Ng6 21. b5 c5
22. Rd5 O-O 23. c4 Nxh4 24. Qe2 Nf3+ 25. Kf1 Nd4 26. Bxd4 cxd4 27. Nb4 Rfe8 28.
Nc6 Ra8 29. Qd2 Re6 30. Qxd4 h4 31. Rd8+ Re8 32. Ne7+ Kh7 33. Rxa8 Rxa8 34. Nf5
Qg5 35. Qb2 Rd8 36. Ne3 h3 37. g3 Rd3 38. Ke2 Rxe3+ 39. fxe3 Qg6 40. Qb1 Qe6 41.
Qc1 Qxe5 42. Qf1 Qb2+ 43. Kd3 Qa3+ 44. Kd4 Qd6+ 45. Kc3 Qe5+ 46. Kd3 Kg6 47. a4
h2 48. Qg2 Qh5 49. Qh1 Qh3 50. e5 Kg7 51. e6 fxe6 52. c5 Qh7+ 53. Kc3 Qh5 54.
cxb6 cxb6 55. a5 Qc5+ 56. Kd2 Qb4+ 57. Kc2 Qc4+ 58. Kd2 Qa2+ 59. Kd3 Qd5+ 0-1

[Event "53rd Biel GMT Blitz 2020"]
[Site "Biel SUI"]
[Date "2020.07.25"]
[Round "6.2"]
[White "Harikrishna, Pentala"]
[Black "Wojtaszek, Radoslaw"]
[Result "1/2-1/2"]
[WhiteTitle "GM"]
[BlackTitle "GM"]
[WhiteElo "2719"]
[BlackElo "2719"]
[WhiteFideId "5007003"]
[BlackFideId "1118358"]
[EventDate "2020.07.25"]

1. c4 Nf6 2. Nc3 e5 3. d3 Nc6 4. Nf3 d5 5. cxd5 Nxd5 6. e3 Nxc3 7. bxc3 Bd6 8.
Be2 O-O 9. O-O Qe7 10. Nd2 b6 11. Bf3 Bb7 12. Nc4 Nd8 13. a4 Bxf3 14. Qxf3 Ne6
15. d4 Ng5 16. Qd5 exd4 17. exd4 Ne4 18. Nxd6 cxd6 19. Ba3 Nxc3 20. Qf3 Ne2+ 21.
Kh1 Nxd4 22. Qd3 Ne6 23. Bxd6 Rfd8 24. Qxh7+ Kxh7 25. Bxe7 Rd2 26. h3 Rc8 27.
Bh4 Rcc2 28. Rfd1 Rxd1+ 29. Rxd1 Rc4 30. Bg3 Rxa4 31. Rd7 Kg6 32. Bb8 a5 33. Rb7
Rb4 34. Bd6 Rb1+ 35. Kh2 b5 36. g4 f5 37. Rb6 fxg4 38. hxg4 Kf7 39. Rb7+ Kg6 40.
Rb6 Kf7 41. Rb7+ Kg6 42. f4 Nd4 43. Bf8 Rb2+ 44. Kh3 Rb3+ 45. Kg2 Rb2+ 46. Kg3
Rb3+ 47. Kg2 Rb2+ 48. Kf1 Nf3 49. Rxg7+ Kf6 50. Rd7 Ke6 51. Ra7 Nh2+ 52. Ke1
Nxg4 53. Rxa5 Kf5 54. Bg7 Rb3 55. Kd2 Kxf4 56. Kc2 Rg3 57. Rxb5 Ne3+ 58. Kb3
Rxg7 59. Rh5 1/2-1/2

[Event "53rd Biel GMT Blitz 2020"]
[Site "Biel SUI"]
[Date "2020.07.25"]
[Round "7.1"]
[White "Studer, Noel"]
[Black "Anton Guijarro, David"]
[Result "0-1"]
[WhiteTitle "GM"]
[BlackTitle "GM"]
[WhiteElo "2580"]
[BlackElo "2703"]
[WhiteFideId "1319620"]
[BlackFideId "2285525"]
[EventDate "2020.07.25"]

1. d4 f5 2. c4 Nf6 3. Nf3 g6 4. g3 Bg7 5. Bg2 O-O 6. O-O d6 7. Nc3 c6 8. Re1 Na6
9. a3 Rb8 10. Qd3 Kh8 11. Bf4 Nc7 12. Rad1 b5 13. cxb5 Nxb5 14. Na2 Nd5 15. Bg5
Nbc7 16. Qc2 Bd7 17. Bd2 Qc8 18. Ba5 Ne8 19. b4 Nef6 20. Nc1 f4 21. e4 fxe3 22.
fxe3 Bh6 23. Rd3 Bf5 24. Nh4 Bxd3 25. Qxd3 Ng4 26. e4 Nde3 27. Bh3 Nf2 28. Bxc8
Nxd3 29. Nxd3 Rbxc8 30. Nf2 Nc4 31. Ng4 Bg7 32. e5 dxe5 33. Nxe5 Bxe5 34. dxe5
Nxa5 35. bxa5 c5 36. Ng2 c4 37. Ne3 c3 38. Rc1 Rfd8 39. Kf2 Rd2+ 40. Kf3 Rxh2
41. Ke4 Rd2 42. e6 c2 43. a6 Kg7 44. Ke5 Rd3 45. Ke4 Rxa3 46. Nd5 Rxa6 47. Ke5
Ra5 48. Kd4 Rd8 0-1

[Event "53rd Biel GMT Blitz 2020"]
[Site "Biel SUI"]
[Date "2020.07.25"]
[Round "7.2"]
[White "Edouard, Romain"]
[Black "Naiditsch, Arkadij"]
[Result "0-1"]
[WhiteTitle "GM"]
[BlackTitle "GM"]
[WhiteElo "2649"]
[BlackElo "2626"]
[WhiteFideId "633429"]
[BlackFideId "4650891"]
[EventDate "2020.07.25"]

1. c4 Nf6 2. Nc3 g6 3. e4 d6 4. d4 Bg7 5. Nf3 O-O 6. Be2 Na6 7. O-O e5 8. Be3
Qe7 9. c5 exd4 10. cxd6 cxd6 11. Bxd4 Nc5 12. Re1 Ncxe4 13. Nxe4 Qxe4 14. Bc4
Qf5 15. Qb3 d5 16. Bd3 Ne4 17. Bxg7 Kxg7 18. Rac1 b6 19. Rc7 Be6 20. Bxe4 dxe4
21. Qc3+ Qf6 22. Nd4 Bd5 23. Re3 Kg8 24. Nb5 Qe6 25. Rxa7 Rxa7 26. Nxa7 Ra8 27.
Nb5 Rxa2 28. h3 Qd7 29. Nd4 h5 30. Ne2 Ra1+ 31. Kh2 Qd6+ 32. g3 Bb7 33. Qd4 Qxd4
34. Nxd4 0-1

[Event "53rd Biel GMT Blitz 2020"]
[Site "Biel SUI"]
[Date "2020.07.25"]
[Round "8.1"]
[White "Anton Guijarro, David"]
[Black "Studer, Noel"]
[Result "1/2-1/2"]
[WhiteTitle "GM"]
[BlackTitle "GM"]
[WhiteElo "2703"]
[BlackElo "2580"]
[WhiteFideId "2285525"]
[BlackFideId "1319620"]
[EventDate "2020.07.25"]

1. d4 Nf6 2. Nf3 d5 3. g3 c5 4. Bg2 cxd4 5. O-O e6 6. Nxd4 e5 7. Nb3 Be6 8. Nc3
Be7 9. f4 exf4 10. gxf4 g6 11. Nd4 Nc6 12. Nxe6 fxe6 13. e4 d4 14. Ne2 e5 15.
fxe5 Ng4 16. Nf4 Ncxe5 17. Nd3 Qc7 18. Bf4 Bd6 19. Bh3 h5 20. Bxg4 Nxg4 21. e5
Be7 22. Qe2 g5 23. Bd2 O-O-O 24. Rf7 Nh6 25. Rf2 Ng4 26. Rf7 Nh6 27. Rf2 Ng4 28.
Rf7 Nh6 29. Rf2 1/2-1/2

[Event "53rd Biel GMT Blitz 2020"]
[Site "Biel SUI"]
[Date "2020.07.25"]
[Round "8.2"]
[White "Naiditsch, Arkadij"]
[Black "Edouard, Romain"]
[Result "1-0"]
[WhiteTitle "GM"]
[BlackTitle "GM"]
[WhiteElo "2626"]
[BlackElo "2649"]
[WhiteFideId "4650891"]
[BlackFideId "633429"]
[EventDate "2020.07.25"]

1. e4 c5 2. Nf3 Nc6 3. Bb5 e6 4. Bxc6 bxc6 5. b3 f6 6. e5 Nh6 7. O-O Nf7 8. exf6
Qxf6 9. Nc3 d5 10. Re1 Bd6 11. Ba3 e5 12. d4 e4 13. dxc5 Be7 14. Nxd5 cxd5 15.
Qxd5 Rb8 16. Qxe4 Bf5 17. Qa4+ Kf8 18. c6 Bxa3 19. Qxa3+ Qd6 20. Qxa7 Rc8 21.
Rad1 1-0

[Event "53rd Biel GMT Blitz 2020"]
[Site "Biel SUI"]
[Date "2020.07.25"]
[Round "8.3"]
[White "Adams, Michael"]
[Black "Harikrishna, Pentala"]
[Result "1/2-1/2"]
[WhiteTitle "GM"]
[BlackTitle "GM"]
[WhiteElo "2701"]
[BlackElo "2719"]
[WhiteFideId "400041"]
[BlackFideId "5007003"]
[EventDate "2020.07.25"]

1. e4 c5 2. Nf3 Nc6 3. Bb5 d6 4. O-O Bd7 5. Re1 g6 6. c3 Bg7 7. d4 a6 8. Bf1
cxd4 9. cxd4 Bg4 10. d5 Nd4 11. Nbd2 Rc8 12. Bd3 Nxf3+ 13. Nxf3 Nf6 14. h3 Bxf3
15. Qxf3 O-O 16. Be3 Nd7 17. Qe2 Qa5 18. a3 Rc7 19. f4 Qa4 20. Rad1 Nc5 21. Bc2
Qb5 22. Qxb5 axb5 23. Bd4 e5 24. fxe5 Nd7 25. Bd3 b4 26. axb4 Bxe5 27. Be3 Bxb2
28. Bb5 Ne5 29. Re2 Ba3 30. Bb6 Rcc8 31. Rb1 Bc1 32. Ra2 Bf4 33. Rf1 Bg5 34. Bd4
Be7 35. Ra7 Rb8 36. Rc1 Bf6 37. Bb6 Bg5 38. Rc2 Bd8 39. Bd4 Bf6 40. Bb6 Bd8 41.
Be3 h5 42. Kh2 Kg7 43. Bd4 Bf6 44. Bb6 Bd8 45. Bd4 Bf6 46. Bb6 1/2-1/2

[Event "53rd Biel GMT Blitz 2020"]
[Site "Biel SUI"]
[Date "2020.07.25"]
[Round "9.1"]
[White "Wojtaszek, Radoslaw"]
[Black "Studer, Noel"]
[Result "1-0"]
[WhiteTitle "GM"]
[BlackTitle "GM"]
[WhiteElo "2719"]
[BlackElo "2580"]
[WhiteFideId "1118358"]
[BlackFideId "1319620"]
[EventDate "2020.07.25"]

1. c4 e5 2. Nc3 Nf6 3. Nf3 Nc6 4. d3 d5 5. cxd5 Nxd5 6. Bd2 Be7 7. g3 O-O 8. Bg2
Be6 9. O-O h6 10. a3 Qd7 11. b4 a6 12. Rc1 Nxc3 13. Bxc3 Bf6 14. Re1 a5 15. b5
Nd4 16. a4 Bb3 17. Qd2 Bxa4 18. Nxd4 exd4 19. Bxa5 c6 20. bxc6 Bxc6 21. Bxc6
bxc6 22. Rc4 Rfe8 23. Bb6 h5 24. Qf4 Ra2 25. Bxd4 Bd8 26. Qf3 h4 27. Qxc6 Qxc6
28. Rxc6 h3 29. Rc8 Ra6 30. f3 f5 31. Kf2 Kf7 32. Rb8 Kg6 33. Rc1 Rae6 34. Rc2
f4 35. Rb7 fxg3+ 36. Kxg3 Bf6 37. Bxf6 gxf6 38. e4 Re5 39. Rcc7 Rg5+ 40. Kf4 Rg8
41. Rh7 Rh5 42. Rxh5 Kxh5 43. Rh7+ 1-0

[Event "53rd Biel GMT Blitz 2020"]
[Site "Biel SUI"]
[Date "2020.07.25"]
[Round "9.3"]
[White "Naiditsch, Arkadij"]
[Black "Harikrishna, Pentala"]
[Result "1-0"]
[WhiteTitle "GM"]
[BlackTitle "GM"]
[WhiteElo "2626"]
[BlackElo "2719"]
[WhiteFideId "4650891"]
[BlackFideId "5007003"]
[EventDate "2020.07.25"]

1. e4 e5 2. Nf3 Nc6 3. Bb5 a6 4. Bxc6 dxc6 5. O-O Bg4 6. h3 Bxf3 7. Qxf3 Qd7 8.
d3 h5 9. Nd2 O-O-O 10. Nc4 f6 11. a4 g5 12. Qe3 Kb8 13. b4 g4 14. h4 Bh6 15. Qe1
Bxc1 16. Qxc1 Ne7 17. b5 cxb5 18. axb5 Qxb5 19. Qa3 Nc8 20. Rfb1 Qc6 21. Na5 Qd6
22. Nxb7 Qxa3 23. Nxd8+ Nb6 24. Rxa3 Rxd8 25. Rxa6 Kb7 26. Ra5 Rg8 27. c4 Kc6
28. c5 Nc8 29. Rb8 Kd7 30. Raa8 c6 31. Rb7+ Kd8 32. Kf1 g3 33. f3 Rf8 34. Ke2 f5
35. exf5 1-0

[Event "53rd Biel GMT Blitz 2020"]
[Site "Biel SUI"]
[Date "2020.07.25"]
[Round "9.4"]
[White "Anton Guijarro, David"]
[Black "Edouard, Romain"]
[Result "1/2-1/2"]
[WhiteTitle "GM"]
[BlackTitle "GM"]
[WhiteElo "2703"]
[BlackElo "2649"]
[WhiteFideId "2285525"]
[BlackFideId "633429"]
[EventDate "2020.07.25"]

1. Nf3 d5 2. b3 c5 3. e3 Nf6 4. Bb2 g6 5. c4 Bg7 6. cxd5 O-O 7. Bxf6 Bxf6 8. Nc3
a6 9. Be2 Bg7 10. O-O b5 11. Rc1 Nd7 12. d4 Bb7 13. dxc5 Nxc5 14. Nxb5 axb5 15.
Rxc5 Rxa2 16. Bxb5 Qb6 17. b4 Rb2 18. Bc6 Rxb4 19. Rc2 Ba6 20. Re1 Rd8 21. Nd4
Bc4 22. Qc1 Bd3 23. Rd2 Rb1 24. Rxd3 Rxc1 25. Rxc1 e6 26. dxe6 fxe6 27. Rdc3
Bxd4 28. exd4 Qxd4 29. Bf3 h5 30. Re3 Kf7 31. h3 Kf6 32. Rce1 Rd6 33. Re4 Qb6
34. R4e3 Qb5 35. Re4 Qe8 36. Rf4+ Kg7 37. Rfe4 g5 38. Re5 Qg6 39. g3 h4 40. gxh4
gxh4+ 41. Bg4 Qf6 42. Rxe6 Rxe6 43. Rxe6 Qf4 1/2-1/2

[Event "53rd Biel GMT Blitz 2020"]
[Site "Biel SUI"]
[Date "2020.07.25"]
[Round "10.1"]
[White "Studer, Noel"]
[Black "Wojtaszek, Radoslaw"]
[Result "0-1"]
[WhiteTitle "GM"]
[BlackTitle "GM"]
[WhiteElo "2580"]
[BlackElo "2719"]
[WhiteFideId "1319620"]
[BlackFideId "1118358"]
[EventDate "2020.07.25"]

1. d4 Nf6 2. c4 e6 3. Nf3 b6 4. g3 Ba6 5. Nbd2 Bb4 6. Qa4 Qe7 7. a3 Bxd2+ 8.
Bxd2 Bb7 9. Bg2 O-O 10. O-O d6 11. Rac1 Nbd7 12. Rfd1 a5 13. Qc2 a4 14. Ne1 Bxg2
15. Nxg2 e5 16. Bc3 Rfe8 17. Ne3 exd4 18. Bxd4 Qe4 19. Qc3 Rac8 20. Rc2 h5 21.
f3 Qe6 22. Ng2 Ne5 23. e4 Nfd7 24. Rf1 Nc5 25. Re1 f5 26. Nf4 Qf7 27. Bxc5 bxc5
28. Kg2 Nc6 29. Rf2 Nd4 30. Qa5 fxe4 31. fxe4 Qxc4 32. Nxh5 Re5 33. Nf4 Nb3 34.
Qc3 Qxc3 35. bxc3 Rce8 36. Rfe2 Na5 37. Nd5 Nc4 38. Nxc7 Rb8 39. Rd1 Rb3 40. Nd5
Rxa3 41. Rb1 Rb3 42. Ra1 a3 43. Kf3 Re8 44. h4 Rb2 45. Ree1 a2 46. Re2 Rxe2 47.
Kxe2 Ra8 48. Kd3 Ne5+ 49. Kc2 Kf7 50. Ne3 Ke6 51. Kb2 Nd3+ 52. Kc2 Ne5 53. Ng2
Nc4 54. Kb3 Nd2+ 55. Kc2 Nxe4 56. Nf4+ Kf5 57. Ne2 Kg4 58. Kb2 Nxg3 59. Nc1 Kxh4
60. Nxa2 g5 61. Rd1 Ra6 62. c4 Ne4 63. Re1 Nd2 64. Rc1 g4 65. Rc2 Ne4 66. Re2
Ng5 67. Nc3 g3 68. Nd1 Ra8 69. Ne3 Kh3 70. Ng2 Rf8 71. Kc3 Rf2 72. Rxf2 gxf2 73.
Ne3 Kg3 74. Kd3 Kf3 75. Nf1 Ne4 76. Nh2+ Kg2 77. Ng4 Ng3 78. Ne3+ Kf3 0-1

[Event "53rd Biel GMT Blitz 2020"]
[Site "Biel SUI"]
[Date "2020.07.25"]
[Round "10.3"]
[White "Harikrishna, Pentala"]
[Black "Naiditsch, Arkadij"]
[Result "0-1"]
[WhiteTitle "GM"]
[BlackTitle "GM"]
[WhiteElo "2719"]
[BlackElo "2626"]
[WhiteFideId "5007003"]
[BlackFideId "4650891"]
[EventDate "2020.07.25"]

1. d4 Nf6 2. Nf3 g6 3. Bf4 Bg7 4. e3 O-O 5. h3 d6 6. Bh2 b6 7. Nbd2 Bb7 8. c3
Nbd7 9. Bd3 e5 10. Be2 e4 11. Ng1 Re8 12. h4 h5 13. Nh3 Nf8 14. Ng5 Ne6 15. Nxe6
Rxe6 16. g4 hxg4 17. Bxg4 Nxg4 18. Qxg4 Qf6 19. Bf4 Qf5 20. Qxf5 gxf5 21. h5 Bh6
22. Bxh6 Rxh6 23. O-O-O Kh7 24. Rdg1 Ba6 25. Rg5 Rf6 26. Rhg1 Be2 27. d5 Re8 28.
Nb3 Bg4 29. Kd2 Kh6 30. R5xg4 fxg4 31. Ke1 Kxh5 32. Rh1+ Kg5 33. Nd4 Rh6 34. Rg1
Reh8 35. f4+ exf3 36. Nxf3+ Kf5 37. Nd4+ Ke4 38. Rxg4+ Kd3 39. Nf3 Kxe3 40. Ng1
Rg6 0-1

[Event "53rd Biel GMT Blitz 2020"]
[Site "Biel SUI"]
[Date "2020.07.25"]
[Round "10.4"]
[White "Edouard, Romain"]
[Black "Anton Guijarro, David"]
[Result "0-1"]
[WhiteTitle "GM"]
[BlackTitle "GM"]
[WhiteElo "2649"]
[BlackElo "2703"]
[WhiteFideId "633429"]
[BlackFideId "2285525"]
[EventDate "2020.07.25"]

1. c4 e5 2. Nc3 Nc6 3. Nf3 g6 4. d4 exd4 5. Nxd4 Bg7 6. Nf3 d6 7. h3 Nge7 8. e4
O-O 9. Be2 f5 10. exf5 Nxf5 11. O-O Nfd4 12. Nxd4 Nxd4 13. Bg4 c6 14. Bxc8 Rxc8
15. Be3 Nf5 16. Bxa7 b6 17. Na4 Bd4 18. Qb3 Qg5 19. Qd1 h5 20. Kh1 Nh4 21. g3
Bxf2 22. gxh4 Qg3 23. Rxf2 Rxf2 0-1

[Event "53rd Biel GMT Blitz 2020"]
[Site "Biel SUI"]
[Date "2020.07.25"]
[Round "11.1"]
[White "Studer, Noel"]
[Black "Edouard, Romain"]
[Result "0-1"]
[WhiteTitle "GM"]
[BlackTitle "GM"]
[WhiteElo "2580"]
[BlackElo "2649"]
[WhiteFideId "1319620"]
[BlackFideId "633429"]
[EventDate "2020.07.25"]

1. d4 e6 2. c4 Bb4+ 3. Nd2 b6 4. a3 Bxd2+ 5. Qxd2 Bb7 6. f3 f5 7. e3 Nf6 8. Bd3
O-O 9. Ne2 a5 10. b3 d6 11. Bb2 Nbd7 12. O-O Qe7 13. b4 Nh5 14. Nf4 Nhf6 15. Bc2
e5 16. Ne2 e4 17. d5 exf3 18. Rxf3 Ne5 19. Bxe5 Qxe5 20. Raf1 Ng4 21. Ng3 axb4
22. axb4 g6 23. h3 Nf6 24. Rf4 Ra2 25. R1f2 b5 26. Qd4 Qxd4 27. Rxd4 bxc4 28.
Rxc4 Nxd5 29. Bb3 Ra1+ 30. Kh2 Kg7 31. e4 fxe4 32. Rxf8 Kxf8 33. Nxe4 Rb1 34.
Nd2 Rb2 35. Rd4 Ne3 36. Rf4+ Ke7 37. Rf2 Rxd2 38. Rf7+ Kd8 39. Rf8+ Kd7 40. Rf7+
Ke8 0-1